000 01185aam a2200313 i 4500
001 296
003 CO-MdBIC
005 20211016092403.0
008 211016t2005 sp ||||| |||| 00| 0 eng d
020 _a84-8164-048-4
040 _bspa.
_aCO-MdFUSB
_cCO-MdFUSB
_dCO-MdFUSBC
_erda
041 _aspa
082 0 4 _aR 291.175 R559t
100 1 _aRies, Julien
245 1 0 _aTratado de antropología de lo sagrado / Julien Ries, Coordinador; María Tabuyo, Agustín López, Traductores
_c/
260 _aMadrid, España : Trotta
264 1 _aMadrid, España :
_bTrotta,
_c[2005]
264 4 _c© 2005
300 _a373 Pag.
_c;
336 _2rdacontent
_atexto
_btxt
337 _2rdamedia
_asin mediación
_bn
338 _2rdacarrier
_avolumen
_bnc
500 _aTítulo original : Tratado di antropologia del sacro
505 _aVol. 1 : Los orígenes del homo religiosus Vol. 2 : El hombre indoeuropeo y lo sagrado Vol. 3 : Las civilizaciones de Mediterráneo y lo sagrado Vol. 4 : Crisis, Rupturas y Cambios Vol. 5 : El creyente en las religiones judía, musulmana y cristiana
653 _aReligiones
653 _aAntropología
942 _cBK
945 _aEstudiante
999 _c31832
_d31832